banner-ar

العنف الاعلامى : (Record no. 65994)

MARC details
000 -الفاتح
حقل البيانات ثابتة الطول 01018nam a22002537a 4500
005 - وقت وتاريخ اخر تعامل مع التسجيلة
رقم الضبط 20240530110853.0
008 - عناصر البيانات ثابتة الطول - معلومات عامة
حقل البيانات ثابتة الطول 201102s2019 ua a g b 000 0dara d
017 ## - رقم الايداع القانونى
رقم الايداع القانونى 2018/21940
المصدر ( الهيئة المختصة) مصر. دار الكتب
020 ## - الرقم الدولى المعيارى للكتب
الرقم الدولى المعيارى للكتاب 9789773194567
040 ## - مصدر الفهرسة
وكالة الفهرسة الأصلية EG-CaGPL
وكالة النسخ EG-CaGPL
082 04 - رقم تصنيف ديوى العشرى
رقم الطبعة 21
رقم التصنيف 364.254/
رقم المادة غ ع
100 0# - المدخل الرئيسى - إسم شخصى
الإسم الشخصى غادة ممدوح سيد امين
245 12 - بيان العنوان
العنوان العنف الاعلامى :
بقية العنوان سيكولوجية العدوان نفسيا واجتماعيا /
بيان المسئوليه,etc غادة ممدوح سيد امين
250 ## - بيان الطبعة
بيان الطبعة ط.1
260 ## - PUBLICATION, DISTRIBUTION, ETC. (IMPRINT)
تاريخ النشر أو التوزيع 2019
300 ## - الوصف المادى
التعداد 287 ص. ؛
أبعاد الوعاء 24 سم.
504 ## - تبصرة ببليوجرافية
تبصرة ببليوجرافية,الخ يشتمل على ارجاعات ببليوجرافية
650 07 - المدخل الاضافى بالموضوع-مصطلح موضوعى
مصدر الرأس أو المصطلح qrmak
مصطلح موضوعي العنف فى التليفزيون
650 07 - المدخل الاضافى بالموضوع-مصطلح موضوعى
مصطلح موضوعي العنف فى وسائل الاعلام
650 07 - المدخل الاضافى بالموضوع-مصطلح موضوعى
مصطلح موضوعي وسائل الاعلام
650 07 - المدخل الاضافى بالموضوع-مصطلح موضوعى
مصطلح موضوعي التليفزيون
التقسيم الفرعي العام التاثير النفسى
942 ## - عناصر المدخل الإضافي( كوها)
مصدر التصنيف او مخطط الترفيف Dewey Decimal Classification
Koha [default] item type كتاب
260 ## - PUBLICATION, DISTRIBUTION, ETC. (IMPRINT)
-- القاهرة :
-- العربى للنشر و التوزيع،
Holdings
حالة التراجع حالة الفقد حالة تلف ليس للاعارة المكان المؤقت الموقع الحالى موقع الترفيف تاريخ الاكتساب اجمالي اﻻعارات رقم الطلب الباركود تاريخ اخر مشاهدة تاريخ تفعيل السعر نوع وعاء كوها
        مكتبة القاهرة الكبرى مكتبة القاهرة الكبرى القاعة الرئيسية 12/12/2020   364.254/ غ ع 167124 12/12/2020 12/12/2020 كتاب

Powered By

EGPV